Normal view
MARC view
Entry Personal Name
001 - CONTROL NUMBER
- control field: 11166
003 - CONTROL NUMBER IDENTIFIER
- control field: BD-RjUL
005 - DATE AND TIME OF LATEST TRANSACTION
- control field: 20240128101101.0
008 - FIXED-LENGTH DATA ELEMENTS
- fixed length control field: 240128|| aca||aabn | a|a d
040 ## - CATALOGING SOURCE
- Original cataloging agency: BD-RjUL
- Transcribing agency: BD-RjUL
100 ## - HEADING--PERSONAL NAME
- Personal name: মিয়া, মুহাম্মদ মজিরউদ্দীন, গবেষণা তত্ত্বাবধায়ক
670 ## - SOURCE DATA FOUND
- Source citation: Work cat.: (BD-RjUL)82805: হোসেন, আখতার 11165, উনিশ শতকের বাংলা সাময়িক পত্রে সাহিত্য সমালোচনা (১৮৫১-১৯০০) /, ১৯৯৮